000 00839nam a2200265Ia 4500
003 OSt
005 20220927110333.0
006 a|||||r|||| 00| 0
007 ta
008 220926b |||||||| |||| 00| 0 eng d
020 _a9789211127737
024 _a184140
037 _cReference Collections
040 _aRTL
_cRTL
_beng
041 _2eng
_aeng
082 _a"X65:77, P9/UN"
110 _a"UNITED NATIONS, TRADE AND DEVELOPMENT (Conference on-)"
_9376206
245 0 _aBest practices in investment for development
_b Case studies in FDI.
260 _aNew
_bYork UN
_c2009
300 _axii.95p.
_ccm.
490 _aInvestment advisory series;1
700 _a"UNITED NATIONS, TRADE AND DEVELOPMENT (Conference on-)"
_9376207
942 _h"X65:77, P9/UN"
_cCC
999 _c695570
_d695570